000 00309 a2200145 4500
001 47490
020 _a9788574066806
040 _cAnchieta - Aquarius
100 _aMundy, Angelo
240 1 0 _aO gigante
_lpor
245 1 0 _aO gigante
300 _a32p.
650 4 _aLiteratura infanto-juvenil
942 _cBK
999 _c47490
_d47490